Les espèces d'ours - Statistiques

Statistiques générales
  • Ce quiz a été pris 12 720 fois
  • Le résultat moyen est 4 sur 8
Statistiques - réponses
Habitat Ours % Correct
Arctique Ours blanc
99%
Amérique du Nord, Europe, Asie Ours brun
97%
Chine Panda géant
75%
Amérique du Nord Ours noir
71%
Amérique du Sud Ours à lunettes
31%
Asie Ours malais
18%
Asie Ours noir d'Asie
14%
Asie Ours lippu
10%
Aucun quiz correspondant
Distribution des résultats
% des personnes avec chaque résultat
Percentile par nombre de réponses
Votre historique - résultats
Vous n’avez pas pris ce quiz